000 00758nam a22002057a 4500
005 20240806124522.0
010 _aB-760116 CH-EN
020 _a9788129138880
_c140.00
035 _aB-760116 CH-EN
037 _bGift
_adpl
082 _aS
245 _aJunior Classics-4:
_bHeidi, a tale of the two cities, little women, black beauty /
260 _aNew Delhi
_bRed Turtle Rupa
_c2016
270 _a7/16, Ansari Road, Daryaganj
_bNew Delhi
_e110002
300 _a127p.
_c18cm(pbk)
490 _aJunor Clssics
_v20 Volumes
650 _a Children's literature.
_969569
942 _cCH
_2ddc
_mJUN
_hS
999 _c204875
_d204875